000 00890nam a22003017a 4500
001 BR9405047
003 BR-BrBNA
005 20230928094105.0
007 ta
008 230509b bl.||||| |||| 00| 0 por d
040 _aBR-BrBNA
_bpor
_cBiblioteca Nacional de Agricultura
041 _a(Por)
072 _aN01; E14
090 _ N01 BR9405047
110 1 _aGrupo Executivo de Eletrificacao Rural de Cooperativas, Brasilia, DF (Brasil)
245 1 _aInforme basico inicial: descricao das condicoes socio-economicas das areas beneficiadas
260 3 _aBrasilia, DF (Brasil):
_c1982.
300 _a262 p.
500 _a7 tables
650 _aEletrificacao Rural
650 _aPrograma de Desenvolvimento
650 _aSanta Catarina
650 _aPernambuco
650 _aMaranhao
650 _aMato Grosso do Sul
909 _a202309
_bLucia
_c55
_dLucia Elande
942 _cBK
999 _c48806
_d48806